Recreations in the theory of numbers: the queen of mathematics entertains
Guardat en:
| Autor principal: | |
|---|---|
| Format: | Llibre |
| Idioma: | anglès |
| Publicat: |
Nueva York
Dover
1966
|
| Edició: | 2a. ed |
| Col·lecció: | Dover Books on Sports and Popular Recreations
|
| Matèries: | |
| Etiquetes: |
Afegir etiqueta
Sense etiquetes, Sigues el primer a etiquetar aquest registre!
|
MARC
| LEADER | 00000nam a2200000 a 4500 | ||
|---|---|---|---|
| 001 | UCP0364 | ||
| 003 | CL-VaPUC | ||
| 008 | 990305e19660000US |||||||||||||||||eng|d | ||
| 082 | 0 | 4 | |a 793.74 |b BEI |2 21 |
| 100 | 0 | |a Beiler, Albert H |e author |9 425635 | |
| 245 | 1 | 0 | |a Recreations in the theory of numbers: the queen of mathematics entertains |
| 250 | |a 2a. ed | ||
| 300 | |a 349 p | ||
| 942 | |c BK | ||
| 945 | |d 19990305 00:00:00 |a crobeson | ||
| 260 | |a Nueva York |b Dover |c 1966 | ||
| 650 | 7 | |a MATEMATICAS RECREATIVAS |2 CL-VaPUC |9 269273 | |
| 650 | 7 | |a JUEGOS MATEMATICOS |2 CL-VaPUC |9 425636 | |
| 650 | 0 | |a Teoría de números |9 265327 | |
| 583 | |a last modification |c 19990305 00:00:00 |k Rodrigo Vera | ||
| 490 | 0 | |a Dover Books on Sports and Popular Recreations | |
| 999 | |c 279187 |d 279185 | ||
| 952 | |0 0 |1 0 |4 0 |6 793_740000000000000_BEI_1966 |7 0 |8 A |9 318115 |a BIBMAT |b BIBMAT |d 2019-11-20 |i 1324373 |o 793.74 BEI 1966 |p 1324373 |r 2025-01-07 |w 2019-11-20 |y BK |k MAT | ||